| 000 | 00817nam a22002417a 4500 | ||
|---|---|---|---|
| 999 |
_c2177 _d2177 |
||
| 003 | AR-CdUCM | ||
| 008 | 190304b ||||| |||| 00| 0 spa d | ||
| 040 |
_aMUNICIPALIDAD PROVINCIAL DEL CUSCO _cBIBLIOTECA MUNICIPAL DEL CUSCO |
||
| 041 | _heng | ||
| 082 |
_a342.1 / _bC66 |
||
| 100 |
_aCornejo, Mariano H. _97853 |
||
| 245 | _aEl equilibrio de los continentes / | ||
| 260 |
_aBarcelona : _bGustavo Gil, _c1932. |
||
| 300 |
_a247 paginas ; _c20 cm. |
||
| 500 | _aPara la biblioteca municipal en el día del libro. | ||
| 505 | _aLas religiones de la guerra y de la paz -- Europa y la guerra -- La gran guerra -- América y la paz ... | ||
| 650 |
_aGuerra _91007 |
||
| 650 |
_aGuerra mundial _91395 |
||
| 650 |
_aReligiones _94740 |
||
| 650 |
_aTratado de Versalles _97854 |
||
| 942 |
_2ddc _cLIBROS |
||
| 945 | _aacv | ||